000 00754nam a2200193Ia 4500
008 151121s9999||||xx |||||||||||||| ||und||
082 _a808।5/घैसास
082 _bHNW-64732
100 _aघैसास दिवाकर -अनु।
245 _a"श्रीलंकेतील प्रवचने, 1980"
260 _b"चंद्रकला प्रकाशन, पुणे।"
260 _c--
300 _a48
600 _aघैसास दिवाकर -अनु।
630 _a"श्रीलंकेतील प्रवचने, 1980"
700 _aघैसास दिवाकर -अनु।
730 _a"श्रीलंकेतील प्रवचने, 1980"
942 _cBOOK
999 _c1246258
_d1246255